Moby dick (Registro nro. 240017)

Detalles MARC
000 -ENCABEZADO
Número de control [NR] 02086 a2200313 4500
005 - FECHA Y HORA DE LA ÚLTIMA TRANSACCIÓN
control field 20211217140108.0
008 - DE LONGITUD FIJA DE DATOS DE ELEMENTOS - INFORMACIÓN GENERAL
Elementos de longitud fija [NR] 140303s1956 ck g 0 m eng d
040 ## - FUENTE DE CATALOGACION [NR]
Agencia de catalogación original [NR] CO-BoUCM
Idioma de catalogación [NR] spa
Quien Cataloga Deissy Garcia (modificó)
Quien Clasifica [Nuevo]
041 ## - CODIGO DE IDIOMA [R]
Código de idioma para texto/pista de sonido o título separado [R] Inglés
092 ## - SIGNATURA TOPOGRAFICA LOCAL
Número de clasificación local DVD 1331
245 00 - MENCION DE TITULO [NR]
Título [NR] Moby dick
Mención de responsabilidad, etc. [NR] John Huston, director
Medio físico [NR] [DVD]
260 ## - PUBLICACION, DISTRIBUCION, ETC. (PIE DE IMPRENTA) [R]
Lugar de publicación, distribución, etc. [R] Bogotá (Colombia)
Nombre del editor, distribuidor, etc. [R] Moulin Productions Inc.
Fecha de publicación, distribución, etc. [R] 1956
300 ## - DESCRIPCION FISICA [R]
Extensión [R] 1 DVD, 116 minutos
Otros detalles físicos [NR] imagen, sonido, color
500 ## - NOTA GENERAL [R]
Nota general [NR] SINOPSIS: El capitán Ahab es un hombre reservado, intransigente y viejo zorro de los mares, obsesionado en cazar a la inmensa ballena blanca que años atrás le arranco su pierna. Esta nueva búsqueda-la final-debe sortear: surcar los siete mares, calores tropicales endemoniados, grandes tormentas, una tripulación amotinada, pero estos elementos son pocos, cuando se trata de la implacable búsqueda que los lleva al encuentro final, y solo queda la furia de los dos personajes [Tomado de la fuente]
508 ## - NOTA DE CREDITOS DE CREACION/PRODUCCION [R]
Nota de créditos de creación/producción [NR] CRÉDITOS: Dirigida por John Huston ; guion por Ray Bradbury y John Huston ; música por Philip Sainton ; fotografía por Oswald Morris ; diseño de producción por Geoffrey Drake ; dirección de arte por Ralph W. Brinton ; vestuario por Elizabeth Haffenden ; maquillaje por Charles E. Parker
511 0# - NOTA DE PARTICIPANTE O INTERPRETE [R]
Nota de participante o intérprete [NR] REPARTO: Gregory Peck, Richard Basehart, Leo Genn, James Robertson Justice, Harry Andrews, Bernard Miles, Noel Purcell, Edric Connor, Mervyn Johns, Joseph Tomelty
520 ## - NOTA DE RESUMEN, ETC. [R]
Nota de sumario, etc. [NR] Basada en la novela "Moby-Dick; or, The Whale" de Herman Melville
546 ## - NOTA DE IDIOMA [R]
Nota de idioma [NR] Audio en inglés. Subtítulos en español
630 04 - ASIENTO SECUNDARIO DE MATERIA - TITULO UNIFORME [R]
Título uniforme [NR] Moby dick
Subdivisión general [R] Adaptaciones cinematográficas
Subdivisión de forma [R] DVD
9 (RLIN) 58024
650 #4 - ASIENTO SECUNDARIO DE MATERIA - TERMINO TEMATICO [R]
Término temático o nombre geográfico como elemento de entrada [NR] Cine de aventuras y acción
Subdivisión de forma [R] DVD
9 (RLIN) 57725
650 #7 - ASIENTO SECUNDARIO DE MATERIA - TERMINO TEMATICO [R]
Término temático o nombre geográfico como elemento de entrada [NR] Películas cinematográficas
Subdivisión general [R] Inglaterra
Subdivisión de forma [R] DVD
9 (RLIN) 58025
690 ## - ASUNTO AGREGADO LOCAL DE ENTRADA - TÉRMINO TEMÁTICO (OCLC, RLIN)
Acceso temático local Entretenimiento
9 (RLIN) 26487
700 1# - ASIENTO SECUNDARIO - NOMBRE PERSONAL [R]
Nombre personal [NR] Huston, John
Término de relación [R] director
9 (RLIN) 57813
710 2# - ASIENTO SECUNDARIO - NOMBRE CORPORATIVO [R]
Nombre corporativo o de jurisdicción como elemento de entrada [NR] Moulin Productions Inc.
9 (RLIN) 57814
710 2# - ASIENTO SECUNDARIO - NOMBRE CORPORATIVO [R]
Nombre corporativo o de jurisdicción como elemento de entrada [NR] Metro Goldwyn Mayer
9 (RLIN) 56400
710 2# - ASIENTO SECUNDARIO - NOMBRE CORPORATIVO [R]
Nombre corporativo o de jurisdicción como elemento de entrada [NR] CD Systems de Colombia
9 (RLIN) 57815
765 0# - ASIENTO DE IDIOMA ORIGINAL [R]
Título [NR] Moby Dick
942 ## - ELEMENTOS DE ENTRADA AGREGADOS (KOHA)
Sistema de clasificación LOCAL
Tema principal Entretenimiento
Tipo de ítem principal el descrito en 300a Multimedia
Edición 1
Clasificación DVD 1331
Parte restante de la signatura top.
Título oculto en OPAC No
Existencias
Signatura topográfica Código de barras Última vez visto Ejemplar Costo de reposición Price effective from Tipo de ítem Perdido Sistema de clasificación Dañado No prestable Tipo de ítem específico Suprimido Ubicación habitual Ubicación actual Localización Fecha de creación Proveedor Forma de adquisición Costo Fecha de último préstamo Total préstamos
DVD 1331 100141086 10/12/2024 Ej.2   03/03/2014 Multimedia   LOCAL     DVD   Claustro Claustro Colección digital 03/03/2014   Donación 26000.00 07/04/2017 1
DVD 1331 100141079 09/12/2025 Ej.1 26000.00 18/02/2014 Multimedia   LOCAL   Préstamo restringido DVD   Procesos Técnicos Procesos Técnicos (no para préstamo) Procesos Técnicos 18/02/2014 12 Donación 26000.00